000 00196 a2200097 4500
001 1350
100 _aRollins, N.
245 _aPresswork and presses
260 _a
_bArnold
_c
090 _c901
_d901
942 _aNUST-CAE
_cM
_c35834
999 _c236423
_d236423